| 000 | 00330nam a2200133 i 4500 | ||
|---|---|---|---|
| 001 | bg | ||
| 100 | 1 | _aKLUŹNIAK, S. | |
| 245 | 0 |
_aZbiór tematów i pytań kolokwialnych z miernictwa / _cS. Kluźniak. |
|
| 260 |
_aWarszawa, _c1953. |
||
| 040 | _cBPK | ||
| 041 | _apol | ||
| 942 | _cKS | ||
| 008 | s pl f |000 0 pol | ||
| 999 |
_c10561 _d10561 |
||
| 856 |
_uhttp://koha.tu.koszalin.pl/cgi-bin/koha/opac-detail.pl?biblionumber=10561 _yKatalog online BPK |
||